书目信息 |
| 题名: |
海德格尔、应对与认知科学
|
|
| 作者: | 拉索尔 , 马尔帕斯 主编 ;魏屹东 , 魏刘伟 , 王敬 译 | |
| 分册: | 卷2 | |
| 出版信息: | 北京 科学出版社 2024.11 |
|
| 页数: | 16,311页 | |
| 开本: | 24cm | |
| 丛书名: | 认知哲学译丛 | |
| 单 册: | ||
| 中图分类: | B842.1 | |
| 科图分类: | ||
| 主题词: | ||
| 电子资源: | ||
| ISBN: | 978-7-03-079808-4 | |
| 000 | 01649nam0 2200325 450 | |
| 001 | 013304249 | |
| 005 | 20251022154531.38 | |
| 010 | @a978-7-03-079808-4@dCNY168.00 | |
| 100 | @a20241217d2024 em y0chiy0120 ea | |
| 101 | 1 | @achi@ceng |
| 102 | @aCN@b110000 | |
| 105 | @ay z 001yy | |
| 106 | @ar | |
| 200 | 1 | @a海德格尔、应对与认知科学@9hai de ge er 、 ying dui yu ren zhi ke xue@e休伯特·德雷福斯纪念文集@h卷2@dHeidegger, coping, and cognitive science@eessays in honor of Hubert L. Dreyfus@hVolume 2@f(英)马克·A. 拉索尔(Mark A Wrathall),(澳)杰夫·马尔帕斯(Jeff Malpas)主编@g魏屹东,魏刘伟,王敬译@zeng |
| 210 | @a北京@c科学出版社@d2024.11 | |
| 215 | @a16,311页@d24cm | |
| 225 | 1 | @a认知哲学译丛@f魏屹东主编 |
| 300 | @a国家社科基金重大项目“人工认知对自然认知挑战的哲学研究” 山西省“1331工程”重点学科建设计划资助出版 | |
| 330 | @a本书的作者们基于现象学分析了德雷福斯对计算机科学和人工智能提出的质疑,讨论了德雷福斯对现代形式的笛卡儿主义所做的现象学批判,聚焦于人工智能和认知科学领域对其现象学观点做了反批判,并论述了德雷福斯的实践现象学在情感、宗教等领域的应用。 | |
| 461 | 0 | @12001 @a认知哲学译丛 |
| 510 | 1 | @aHeidegger, coping, and cognitive science@eessays in honor of Hubert L. Dreyfus@hVolume 2@zeng |
| 600 | 0 | @a海德格尔@c(Heidegger, Martin@f1889-1976)@x认知科学@x研究 |
| 690 | @aB842.1@v5 | |
| 701 | 0 | @c(英)@a拉索尔@9la suo er@c(Wrathall, Mark A)@4主编 |
| 701 | 0 | @c(英)@a马尔帕斯@9ma er pa si@c(Malpas, Jeff)@4主编 |
| 702 | 0 | @a魏屹东@9wei yi dong@4译 |
| 702 | 0 | @a魏刘伟@9wei liu wei@4译 |
| 702 | 0 | @a王敬@9wang jing@4译 |
| 801 | 0 | @aCN@c20250910 |
| 905 | @a河南城建学院图书馆@dB842.1@eH026:2@ZH026:2@f1 | |
| 海德格尔、应对与认知科学:休伯特·德雷福斯纪念文集.卷2=Heidegger, coping, and cognitive science:essays in honor of Hubert L. Dreyfus.Volume 2/(英)马克·A. 拉索尔(Mark A Wrathall),(澳)杰夫·马尔帕斯(Jeff Malpas)主编/魏屹东,魏刘伟,王敬译.-北京:科学出版社,2024.11 |
| 16,311页;24cm.-(认知哲学译丛/魏屹东主编) |
| 国家社科基金重大项目“人工认知对自然认知挑战的哲学研究” 山西省“1331工程”重点学科建设计划资助出版 |
| ISBN 978-7-03-079808-4:CNY168.00 |
| 本书的作者们基于现象学分析了德雷福斯对计算机科学和人工智能提出的质疑,讨论了德雷福斯对现代形式的笛卡儿主义所做的现象学批判,聚焦于人工智能和认知科学领域对其现象学观点做了反批判,并论述了德雷福斯的实践现象学在情感、宗教等领域的应用。 |
| ● |
| 相关链接 |
|
|
|
正题名:海德格尔、应对与认知科学
索取号:B842.1/H026:2
 
预约/预借
| 序号 | 登录号 | 条形码 | 馆藏地/架位号 | 状态 | 备注 |
| 1 | 1634231 | 216342312 | 社科库509/509社科库 36排1列1层/ [索取号:B842.1/H026:2] | 在馆 |